| 000 | 01661cam a2200373 a 4500 | ||
|---|---|---|---|
| 001 | 14788735 | ||
| 005 | 20070905112807.0 | ||
| 008 | 070329s2007 enk b 001 0 eng | ||
| 020 | _a052187615X (hbk.) | ||
| 020 | _a9780521876155 (hbk.) | ||
| 020 | _a0521699584 (pbk.) | ||
| 020 | _a9780521699587 (pbk.) | ||
| 035 | _a(OCoLC)ocm74523326 | ||
| 035 | _a(OCoLC)74523326 | ||
| 040 |
_aUKM _cUKM _dBAKER _dC#P _dYDXCP _dDLC |
||
| 082 | 0 | 4 |
_a327 _222 _bSEC |
| 245 | 0 | 0 |
_aSecretary or General? : _bthe UN Secretary-General in World Politics / _cedited by Simon Chesterman. |
| 260 |
_aCambridge ; _aNew York : _bCambridge University Press, _c2007. |
||
| 300 |
_axiv, 280 p. ; _c23 cm. |
||
| 504 | _aIncludes bibliographical references (p. 262-269) and index. | ||
| 610 | 2 | 0 |
_aUnited Nations. _bSecretary-General. _928855 |
| 610 | 2 | 0 |
_aUnited Nations _xManagement. _928856 |
| 650 | 0 |
_aInternational relations. _928857 |
|
| 650 | 0 |
_aWorld politics. _928858 |
|
| 653 |
_bPol _cFebruary2012 |
||
| 700 | 1 |
_aChesterman, Simon. _928859 |
|
| 856 | 4 | 2 |
_3Publisher description _uhttp://www.loc.gov/catdir/enhancements/fy0713/2007296129-d.html |
| 856 | 4 | 1 |
_3Table of contents only _uhttp://www.loc.gov/catdir/enhancements/fy0713/2007296129-t.html |
| 856 | 4 | 2 |
_3Contributor biographical information _uhttp://www.loc.gov/catdir/enhancements/fy0729/2007296129-b.html |
| 906 |
_a7 _bcbc _ccopycat _d2 _encip _f20 _gy-gencatlg |
||
| 942 |
_2ddc _cARCH |
||
| 999 |
_c16452 _d16452 |
||